00418nam a22001457a 450000500170000001000130001702000230003003500130005303700310006608200110009710000220010824500730013026000480020330000210025120190412174848.0 aB-055353 a8177330411c200.00 aB-055353 bBharat Law House Pvt. Ltd. a657.42 aAgarwal, Raksh V. aBharat's systematic approach to cost accounting /cRakesh V. Agarwal aNew DelhibBharat Law House Pvt. Ltd.c2000 a531p.c24cm(pbk)